沖縄県の難読地名 30コ - Statistics

General Stats
  • This quiz has been taken 83 times
  • The average score is 11 of 30
Answer Stats
漢字 回答 % Correct
読谷 よみたん
94%
金武 きん
87%
喜屋武 きゃん
84%
今帰仁 なきじん
79%
豊見城 とみぐすく
76%
北谷 ちゃたん
74%
国頭 くにがみ
68%
奥武 おう
54%
東風平 こちんだ
53%
保栄茂 びん
46%
糸洲 いとす
44%
仲村渠 なかんだかり
43%
勢理客 じっちゃく(せりきゃく)
35%
水納 みんな
32%
西原 いりばる
25%
石川東山 いしかわあがりやま
24%
胡屋 ごや
22%
与那城平安座 よなしろへんざ
22%
手登根 てどこん
18%
為又 びいまた
16%
具志頭 ぐしちゃん
15%
世冨慶 よふけ
12%
比屋根 ひやごん
12%
饒波 のは
10%
南風見 はいみ
9%
兼箇段 かねかだん
9%
大堂 うふどう
7%
比謝矼 ひじゃばし
7%
鹿川 かのかわ
6%
栄口 えぐち
4%
No matching quizzes found
Score Distribution
Percent of People with Each Score
Percentile by Number Answered
Your Score History
You have not taken this quiz